Tous les joueurs de l'OM depuis 2020 - Statistiques

Statistiques générales
  • Ce quiz a été pris 706 fois
  • Le résultat moyen est 23 sur 43
Statistiques - réponses
Pays Réponse % Correct
France Payet
92%
France Mandanda
89%
Japon Sakai
86%
France Lopez
85%
Espagne Lopez
85%
Maroc Harit
80%
France Thauvin
80%
France Rongier
78%
Turquie Under
78%
Argentine Balerdi
76%
Pologne Milik
74%
France Guendouzi
73%
Croatie Caleta-Car
72%
USA De La Fuente
66%
Bosnie Kolasinac
66%
Sénégal Dieng
63%
Brésil Gerson
63%
Sénégal Gueye
62%
Japon Nagatomo
62%
Pays-Bas Strootman
62%
Espagne Lirola
59%
France Kamara
56%
France Germain
53%
Serbie Radonjic
53%
France Saliba
53%
Argentine Benedetto
52%
Fance Amavi
51%
Brésil Henrique
51%
Sénégal Sarr
49%
France Pele
47%
RDC Bakambu
46%
France Sanson
45%
Tunisie Khaoui
42%
Espagne Alvaro Gonzalez
37%
Brésil Peres
36%
France Cuisance
22%
France Ben Seghir
19%
Maroc Targhalline
17%
France Ntcham
14%
France Perrin
14%
France Aké
13%
France Rocchia
6%
France Souaré
2%
Aucun quiz correspondant
Distribution des résultats
% des personnes avec chaque résultat
Percentile par nombre de réponses
Votre historique - résultats
Vous n’avez pas pris ce quiz